书目信息 |
| 题名: |
转基因棉花
|
|
| 作者: | 贾士荣 , 郭三堆 , 安道昌 主编 | |
| 分册: | ||
| 出版信息: | 北京 科学出版社 2001 |
|
| 页数: | 281页 | |
| 开本: | 26cm | |
| 丛书名: | "863"生物高技术丛书 | |
| 单 册: | ||
| 中图分类: | S562.03 | |
| 科图分类: | ||
| 主题词: | 经济作物 | |
| 电子资源: | ||
| ISBN: | 7-03-008743-7 | |
| 000 | 00714nam0 2200241 45 | |
| 001 | 0303251555 | |
| 005 | 20031219104108.1 | |
| 010 | @a7-03-008743-7@dCNY42.00 | |
| 100 | @a20030325d2001 km y0chiy0120 ea | |
| 101 | 0 | @achi |
| 105 | @af z 000yy | |
| 200 | 1 | @a转基因棉花@AZhuan Ji Yin Mian Hua@f贾士荣,郭三堆,安道昌主编@FJia Shi Rong,Guo San Dui,An Dao Chang Zhu Bian |
| 210 | @a北京@c科学出版社@d2001 | |
| 215 | @a281页@c图版@d26cm | |
| 225 | @a"863"生物高技术丛书 | |
| 410 | @12001 @a"863"生物高技术丛书 | |
| 606 | 0 | @a经济作物 |
| 690 | @aS562.03@v4 | |
| 701 | 0 | @a贾士荣@4主编 |
| 701 | 0 | @a郭三堆@4主编 |
| 701 | 0 | @a安道昌@4主编 |
| 801 | @aCN@bTSTC@c20030325 | |
| 905 | @b321594-595@dS562.03@e13@f2 | |
| 转基因棉花/贾士荣,郭三堆,安道昌主编.-北京:科学出版社,2001 |
| 281页:图版;26cm.-("863"生物高技术丛书) |
| ISBN 7-03-008743-7:CNY42.00 |
| ● |
| 相关链接 |
|
|
|
|
正题名:转基因棉花
索取号:S562.03/13
 
预约/预借
| 序号 | 登录号 | 条形码 | 馆藏地/架位号 | 状态 | 备注 |
| 1 | 0321594 | 203215948 | 第三借阅区/ [索取号:S562.03/13] | 在馆 | |
| 2 | 0321595 | 203215957 | 第二样本阅览室/ [索取号:S562.03/13] | 在馆 |